MARC

LEADER 00000nam0a2200000 4500
001 98155
005 20231101214154.0
035 |a (RuTPU)RU\TPU\book\105199 
090 |a 98155 
100 |a 20060614d1963 m y0rusy50 ca 
101 0 |a rus 
102 |a RU 
105 |a a z 001zy 
200 1 |a Разъединители переменного тока высокого напряжения  |f В. В. Афанасьев 
210 |a Москва  |c Госэнергоиздат  |d 1963 
215 |a 207 с.  |c ил. 
320 |a Библиогр.: с. 222-223. 
606 |a Разъединители переменного тока, высоковольтные  |2 stltpush  |3 (RuTPU)RU\TPU\subj\23661  |9 48212 
610 1 |a переменный ток 
610 1 |a высоковольтные линии 
610 1 |a приводы 
610 1 |a изоляторы 
610 1 |a тепловой расчет 
675 |a 621.316.545  |v 3 
700 1 |a Афанасьев  |b В. В.  |g Василий Владимирович 
801 1 |a RU  |b 63413507  |c 20060614  |g PSBO 
801 2 |a RU  |b 63413507  |c 20180222  |g PSBO 
942 |c BK